00622nmm a2200193Ia 4500008004100000020001800041041000800059100002100067245008700088264005800175300001800233490003500251650001600286700002100302700003000323856005100353942000700404999001700411251105s9999||||xx |||||||||||||||||und|| a9788491920434 aspa aHelmer, Ángela 0aOración funebre a las honras del rey nuestro señor don Felipe Cuarto el Grande a[Madrid, España] :bIberoamericana Vervuert, c2019 a157 páginas aEl Paraíso en el Nuevo Mundo aReligion(s) aHelmer, Ángela1 a (eds.) Herrera, Diego de uhttps://public.digitaliapublishing.com/a/59542 cCF c66784d66784